| 000 | 01656nam a2200325 a 4500 | ||
|---|---|---|---|
| 001 | ebr10298037 | ||
| 003 | CaPaEBR | ||
| 006 | m u | ||
| 007 | cr cn||||||||| | ||
| 008 | 081219s2009 enka sb 001 0 eng d | ||
| 010 | _z 2008055188 | ||
| 020 | _z9780470745021 | ||
| 020 | _z9780470515976 | ||
| 040 |
_aCaPaEBR _cCaPaEBR |
||
| 035 | _a(OCoLC)647769332 | ||
| 050 | 1 | 4 |
_aRB43 _b.A38 2009eb |
| 082 | 0 | 4 |
_a611/.01815 _222 |
| 245 | 0 | 0 |
_aAdvanced techniques in diagnostic cellular pathology _h[electronic resource] / _cedited by Mary Hannon-Fletcher and Perry Maxwell. |
| 260 |
_aChichester, West Sussex ; _aHoboken, N.J. : _bJohn Wiley & Sons, _c2009. |
||
| 300 |
_axvi, 196 p. : _bill. (some col.). |
||
| 504 | _aIncludes bibliographical references and index. | ||
| 505 | 0 | _aVirtual microscopy / Jim Diamond and David McCleary -- Cytopathology / Mary Hannon-Fletcher -- Flow cytometry / Ian Dimmick -- Immunocytochemistry / Perry Maxwell and Merdol Ibrahim -- Microarray-based comparative genomic hybridization / David S.P. Tan, Rachael Natrajan and Jorge S. Reis-Filho -- Tissue in situ hybridization / Anthony O'Grady, John O'Loughlin and and Hilary Magee. | |
| 533 |
_aElectronic reproduction. _bPalo Alto, Calif. : _cebrary, _d2013. _nAvailable via World Wide Web. _nAccess may be limited to ebrary affiliated libraries. |
||
| 650 | 0 | _aCytodiagnosis. | |
| 655 | 7 |
_aElectronic books. _2local |
|
| 700 | 1 | _aHannon-Fletcher, Mary. | |
| 700 | 1 |
_aMaxwell, Perry, _d1958- |
|
| 710 | 2 | _aebrary, Inc. | |
| 856 | 4 | 0 |
_uhttp://site.ebrary.com/lib/rucke/Doc?id=10298037 _zAn electronic book accessible through the World Wide Web; click to view |
| 999 |
_c178598 _d178598 |
||